[Event "3.Città di Padova Op.B, Elo<1900"]
[Site "Padova Ex Fornace Carotta"]
[Date "2000.12.03"]
[Round "3.34"]
[White "Baracchi, Leonardo"]
[Black "Varotto, Adriano"]
[Result "1-0"]
[WhiteElo "1500"]
[BlackElo "1500"]
[Annotator "Gabriele Ballarin"]
[PlyCount "93"]
[EventDate "2000.12.02"]
[EventType "swiss"]
[EventRounds "6"]
[EventCountry "ITA"]

1. e4 e5 2. Nc3 Nc6 3. f4 exf4 4. Nf3 Bb4 5. d4 Bxc3+ 6. bxc3 d6 7. Bxf4 Nf6 8. e5 Nd5 9. Qd2 Nxf4 10. Qxf4 O-O 11. exd6 Re8+ 12. Kf2 cxd6 13. Bd3 Ne7 14. Rhe1 d5 15. Ng5 f5 16. Qh4 h6 17. Nf3 Qd6 18. Ne5 Ng6 19. Qh5 Re6 20. Nxg6 Rxg6 21. Re5 Bd7 22. Kg1 Rg5 23. Qf3 Be6 24. Bxf5 Bxf5 25. Rxf5 Rxf5 26. Qxf5 Re8 27. Qd3 Re4 28. Rf1 Rf4 29. Rxf4 Qxf4 30. c4 Qd6 31. cxd5 Qxd5 32. Qb3 Qxb3 33. axb3 Kf7 34. Kf2 Ke6 35. c4 Kd6 36. Ke3 b6 37. Ke4 a5 38. d5 Kd7 39. Ke5 Ke7 40. h4 g6 41. g4 h5 42. gxh5 gxh5 43. Kf5 Kd6 44. Kg5 Kc5 45. Kxh5 Kb4 46. d6 Kxb3 47. d7 1-0

[Event "3.Città di Padova Op.B, Elo<1900"]
[Site "Padova Ex Fornace Carotta"]
[Date "2000.12.03"]
[Round "3.35"]
[White "Tasson, Giovanni"]
[Black "Bertucco, Diego"]
[Result "0-1"]
[WhiteElo "1474"]
[BlackElo "1600"]
[Annotator "Gabriele Ballarin"]
[PlyCount "56"]
[EventDate "2000.12.02"]
[EventType "swiss"]
[EventRounds "6"]
[EventCountry "ITA"]

1. e4 e5 2. Nf3 Nc6 3. Bb5 a6 4. Ba4 Nf6 5. O-O Be7 6. Re1 b5 7. Bb3 O-O 8. c3 d6 9. h3 Bb7 10. d4 Re8 11. Nbd2 Bf8 12. d5 Ne7 13. Nf1 h6 14. Ng3 c6 15. dxc6 Bxc6 16. Qd3 Qc7 17. Bd2 d5 18. exd5 Nexd5 19. Nh2 Rad8 20. Qe2 Nf4 21. Qd1 Nxg2 22. Re2 Nf4 23. Re1 Nxh3+ 24. Kf1 Bc5 25. Re2 Nf4 26. Re1 Qd7 27. Bxf4 Qh3+ 28. Ke2 exf4+ 0-1

[Event "3.Città di Padova Op.B, Elo<1900"]
[Site "Padova Ex Fornace Carotta"]
[Date "2000.12.03"]
[Round "3.36"]
[White "Spinoso, Giovanni"]
[Black "Marson, Antonio"]
[Result "1/2-1/2"]
[WhiteElo "1452"]
[BlackElo "1525"]
[Annotator "Gabriele Ballarin"]
[PlyCount "48"]
[EventDate "2000.12.02"]
[EventType "swiss"]
[EventRounds "6"]
[EventCountry "ITA"]

1. e4 c6 2. d4 d5 3. Nd2 dxe4 4. Nxe4 Bf5 5. Ng3 Bg6 6. h4 h6 7. Nf3 Nd7 8. h5 Bh7 9. Bd3 Bxd3 10. Qxd3 Qc7 11. Be3 e6 12. O-O-O O-O-O 13. Ne2 Bd6 14. c4 c5 15. d5 exd5 16. Qxd5 Ndf6 17. Qf5+ Kb8 18. Rxd6 Rxd6 19. Bf4 Ne7 20. Qc2 Rhd8 21. Bxd6 Rxd6 22. Rd1 Rxd1+ 23. Kxd1 Qd6+ 24. Ke1 Kc7 1/2-1/2

[Event "3.Città di Padova Op.B, Elo<1900"]
[Site "Padova Ex Fornace Carotta"]
[Date "2000.12.09"]
[Round "4.1"]
[White "Muha, Zdravko"]
[Black "Vismara, Daniele"]
[Result "1/2-1/2"]
[WhiteElo "1824"]
[BlackElo "1886"]
[Annotator "Gabriele Ballarin"]
[PlyCount "51"]
[EventDate "2000.12.02"]
[EventType "swiss"]
[EventRounds "6"]
[EventCountry "ITA"]

1. d4 d5 2. Nf3 c6 3. Bf4 Nf6 4. h3 Qb6 5. Qc1 Bf5 6. e3 h6 7. Nbd2 e6 8. Be2 c5 9. a4 Nc6 10. c3 Rc8 11. O-O cxd4 12. exd4 Be7 13. Kh1 Ne4 14. Be3 Bd6 15. Nxe4 Bxe4 16. Ne1 Na5 17. Bb5+ Ke7 18. Qd1 Bb8 19. Bd3 Qxb2 20. Bxe4 dxe4 21. Rb1 Qxc3 22. Qg4 Qc7 23. g3 g6 24. Ng2 g5 25. Qxe4 Qc2 26. Qf3 1/2-1/2

[Event "3.Città di Padova Op.B, Elo<1900"]
[Site "Padova Ex Fornace Carotta"]
[Date "2000.12.09"]
[Round "4.2"]
[White "Gennari, Leone"]
[Black "Dimitrijevic, Dragan"]
[Result "1-0"]
[WhiteElo "1705"]
[BlackElo "1864"]
[Annotator "Gabriele Ballarin"]
[PlyCount "99"]
[EventDate "2000.12.02"]
[EventType "swiss"]
[EventRounds "6"]
[EventCountry "ITA"]

1. d4 Nf6 2. c4 c5 3. d5 e6 4. Nc3 exd5 5. cxd5 d6 6. e4 g6 7. Bd3 Bg7 8. Nge2 O-O 9. O-O Na6 10. Kh1 Nc7 11. Qc2 Ng4 12. h3 Qh4 13. Kg1 Ne5 14. f4 Nxd3 15. Qxd3 b6 16. a4 Ba6 17. Nb5 Qd8 18. Nec3 Qd7 19. Bd2 Bd4+ 20. Kh1 f5 21. Rfe1 Bxb5 22. Nxb5 Nxb5 23. axb5 fxe4 24. Rxe4 Bxb2 25. Rae1 Rae8 26. Re6 Bd4 27. g4 Rxe6 28. Rxe6 Re8 29. f5 Rxe6 30. fxe6 Qe7 31. Kg2 Qf6 32. Qf3 c4 33. Qxf6 Bxf6 34. Kf3 Kf8 35. Ke4 Bb2 36. Bg5 Ke8 37. Bh4 h6 38. Ke3 Be5 39. Kd2 g5 40. Be1 Kd8 41. Kc2 Bg7 42. Bc3 Bf8 43. Bf6+ Ke8 44. Kc3 h5 45. gxh5 Bh6 46. Kxc4 Kf8 47. Kd4 Kg8 48. Ke4 Kf8 49. Kf5 Kg8 50. Kg6 1-0

[Event "3.Città di Padova Op.B, Elo<1900"]
[Site "Padova Ex Fornace Carotta"]
[Date "2000.12.09"]
[Round "4.3"]
[White "De Napoli, Giuseppe"]
[Black "Marson, Luca"]
[Result "0-1"]
[WhiteElo "1723"]
[BlackElo "1666"]
[Annotator "Gabriele Ballarin"]
[PlyCount "96"]
[EventDate "2000.12.02"]
[EventType "swiss"]
[EventRounds "6"]
[EventCountry "ITA"]

1. d4 Nf6 2. Nf3 g6 3. Bf4 Bg7 4. e3 d6 5. Bd3 O-O 6. Nbd2 Nbd7 7. O-O Qe8 8. Ne4 Nxe4 9. Bxe4 Nf6 10. Bd3 Bg4 11. h3 Bxf3 12. Qxf3 e5 13. Qxb7 exf4 14. exf4 Qb8 15. Qb3 Qb6 16. c3 Rab8 17. Bc4 d5 18. Bxd5 Nxd5 19. Qxd5 Qxb2 20. Rac1 Rfe8 21. Qd7 Qb6 22. Qa4 Qd6 23. g3 a6 24. Rb1 c5 25. Qa3 Rxb1 26. Rxb1 Bf8 27. Qa4 Rc8 28. Qc4 Rd8 29. Rb7 Qd5 30. Qxa6 cxd4 31. cxd4 Qxd4 32. Rb1 Qd2 33. Qc4 Bg7 34. a4 Bd4 35. Rf1 Rb8 36. Qc1 Bxf2+ 37. Kg2 Qxc1 38. Rxc1 Bd4 39. Rc2 Rb2 40. Rxb2 Bxb2 41. a5 Bd4 42. Kf3 f5 43. Ke2 Kf7 44. Kd3 Ba7 45. g4 Ke6 46. Kc4 Kd6 47. gxf5 gxf5 48. h4 h5 0-1

[Event "3.Città di Padova Op.B, Elo<1900"]
[Site "Padova Ex Fornace Carotta"]
[Date "2000.12.09"]
[Round "4.4"]
[White "Allegranti, Luca"]
[Black "Ravagnani, Tiziano"]
[Result "1-0"]
[WhiteElo "1702"]
[BlackElo "1833"]
[Annotator "Gabriele Ballarin"]
[PlyCount "112"]
[EventDate "2000.12.02"]
[EventType "swiss"]
[EventRounds "6"]
[EventCountry "ITA"]

1. d4 Nf6 2. Nf3 g6 3. Bg5 Bg7 4. Nbd2 c5 5. c3 cxd4 6. cxd4 Qa5 7. e3 Nc6 8. Be2 Ne4 9. Bf4 g5 10. Bg3 d6 11. O-O Nxg3 12. hxg3 h5 13. Nc4 Qd8 14. Nxg5 e5 15. f4 exd4 16. Bxh5 Qe7 17. Nxf7 Kf8 18. Nxh8 Bxh8 19. e4 Be6 20. Nd2 d3 21. Nf3 Bc4 22. e5 dxe5 23. Nxe5 Qc5+ 24. Kh2 Nxe5 25. fxe5+ Ke7 26. Qd2 Rg8 27. Rae1 Kd8 28. b3 Bxe5 29. Rxe5 Qxe5 30. Bf3 Qh8+ 31. Kg1 Qd4+ 32. Qf2 Qxf2+ 33. Kxf2 Ba6 34. Rd1 Kc7 35. g4 Kb6 36. Ke3 Kc5 37. a3 Re8+ 38. Kd2 Kd4 39. Rc1 b6 40. Rc7 Rc8 41. Rd7+ Ke5 42. Rxa7 Rc2+ 43. Kd1 Bc8 44. Ra4 Be6 45. Re4+ Kf6 46. Rb4 Rb2 47. Rxb6 Ke5 48. Kc1 Rxb3 49. Rxb3 Bxb3 50. Kd2 Kd4 51. g5 Bf7 52. a4 Kc4 53. Bc6 Bg6 54. Bb5+ Kb4 55. Bxd3 Be8 56. Bb5 Bg6 1-0

[Event "3.Città di Padova Op.B, Elo<1900"]
[Site "Padova Ex Fornace Carotta"]
[Date "2000.12.09"]
[Round "4.5"]
[White "Roberti, Ignazio"]
[Black "Lain, Luigi"]
[Result "0-1"]
[WhiteElo "1760"]
[BlackElo "1804"]
[Annotator "Gabriele Ballarin"]
[PlyCount "120"]
[EventDate "2000.12.02"]
[EventType "swiss"]
[EventRounds "6"]
[EventCountry "ITA"]

1. e4 e5 2. Nf3 Nc6 3. Bb5 a6 4. Ba4 Nf6 5. O-O b5 6. Bb3 Be7 7. Re1 d6 8. c3 Na5 9. Bc2 c5 10. h3 O-O 11. d4 cxd4 12. cxd4 Qc7 13. Nbd2 Bb7 14. Nf1 Rac8 15. Bb1 Nc6 16. a3 Rfe8 17. Ng3 h6 18. Qd3 Na5 19. Ba2 Bf8 20. b4 Nc4 21. Nd2 Nxd2 22. Qxd2 exd4 23. Qxd4 Qc6 24. f3 a5 25. Bxh6 Qc3 26. Be3 axb4 27. axb4 d5 28. Qxc3 Rxc3 29. Bd4 Bxb4 30. Reb1 Bc5 31. Ne2 dxe4 32. Rxb5 exf3 33. Rxb7 fxe2 34. Bxf7+ Kh7 35. Bxc5 e1=Q+ 36. Rxe1 Rxe1+ 37. Kf2 Rd1 38. Ke2 Rdd3 39. Ba2 Ne4 40. Rb2 Rg3 41. Bb1 Rxg2+ 42. Kd1 Rxb2 43. Bxe4+ Kh6 44. Bd4 Rbb3 45. Bxc3 Rxc3 46. Bf5 Re3 47. Kd2 Re7 48. Kd3 Kg5 49. Bg4 Kh4 50. Kd4 g5 51. Kd3 Kg3 52. Kd4 Rh7 53. Ke5 Rxh3 54. Kf5 Rh8 55. Bd1 g4 56. Be2 Kh4 57. Kf4 Rf8+ 58. Ke3 g3 59. Bf3 Kh3 60. Ke2 Rxf3 0-1

[Event "3.Città di Padova Op.B, Elo<1900"]
[Site "Padova Ex Fornace Carotta"]
[Date "2000.12.09"]
[Round "4.6"]
[White "Maccapan, Fabio"]
[Black "Giancotti, Eraldo"]
[Result "1-0"]
[WhiteElo "1738"]
[BlackElo "1790"]
[Annotator "Gabriele Ballarin"]
[PlyCount "76"]
[EventDate "2000.12.02"]
[EventType "swiss"]
[EventRounds "6"]
[EventCountry "ITA"]

1. d4 g6 2. Nf3 Bg7 3. c4 f5 4. g3 Nf6 5. Bg2 O-O 6. O-O d6 7. b3 c5 8. e3 Na6 9. Bb2 Rb8 10. Nc3 cxd4 11. exd4 Nc7 12. Re1 h6 13. Qc2 Bd7 14. Rad1 a6 15. d5 b5 16. Nd4 bxc4 17. bxc4 Rb4 18. Ba3 Rxc4 19. Qb3 Rxd4 20. Rxd4 Ne4 21. Rdxe4 fxe4 22. Nxe4 Qb8 23. Nd2 Qxb3 24. Nxb3 Kf7 25. Bc1 Rb8 26. Be3 Nb5 27. h4 Nc3 28. Bd4 Bxd4 29. Nxd4 Nxa2 30. Nc6 Bxc6 31. dxc6 Rc8 32. Bd5+ Kf8 33. Bxa2 Rxc6 34. Re6 Rc2 35. Bb3 Rc3 36. Re3 Rc1+ 37. Kg2 g5 38. hxg5 hxg5 1-0

[Event "3.Città di Padova Op.B, Elo<1900"]
[Site "Padova Ex Fornace Carotta"]
[Date "2000.12.09"]
[Round "4.7"]
[White "Viola, Matteo"]
[Black "Velluti, Alberto"]
[Result "1-0"]
[WhiteElo "1898"]
[BlackElo "1630"]
[Annotator "Gabriele Ballarin"]
[PlyCount "79"]
[EventDate "2000.12.02"]
[EventType "swiss"]
[EventRounds "6"]
[EventCountry "ITA"]

1. e4 e5 2. d4 exd4 3. Nf3 Bc5 4. c3 Qe7 5. e5 d6 6. cxd4 Bb4+ 7. Nc3 dxe5 8. dxe5 Bxc3+ 9. bxc3 Nd7 10. Be2 Nxe5 11. O-O Bd7 12. a4 O-O-O 13. Ba3 Qe8 14. Bc5 Bc6 15. Nd4 a6 16. f4 Ng6 17. Bg4+ Bd7 18. Re1 Bxg4 19. Qxg4+ Qd7 20. f5 Nf6 21. Qg3 Nh5 22. Qf3 Ngf4 23. c4 g5 24. Re7 Qxe7 25. Bxe7 Rxd4 26. Rd1 g4 27. Qxg4 Nh3+ 28. Qxh3 Rxd1+ 29. Kf2 Nf4 30. Qf3 Nd3+ 31. Ke2 Re1+ 32. Kxd3 Rxe7 33. f6 Rd7+ 34. Kc3 Rhd8 35. g4 Rd3+ 36. Qxd3 Rxd3+ 37. Kxd3 Kd7 38. Ke4 Ke6 39. g5 c6 40. c5 1-0

[Event "3.Città di Padova Op.B, Elo<1900"]
[Site "Padova Ex Fornace Carotta"]
[Date "2000.12.09"]
[Round "4.8"]
[White "Opacic, Alexandar"]
[Black "Favero, Graziano"]
[Result "0-1"]
[WhiteElo "1837"]
[BlackElo "1621"]
[Annotator "Gabriele Ballarin"]
[PlyCount "60"]
[EventDate "2000.12.02"]
[EventType "swiss"]
[EventRounds "6"]
[EventCountry "ITA"]

1. e4 d6 2. d4 Nf6 3. Nc3 g6 4. Bf4 Bg7 5. f3 c6 6. Bd3 O-O 7. Qd2 Nbd7 8. O-O-O b5 9. Be3 Qa5 10. Kb1 b4 11. Nce2 Rb8 12. g4 Nb6 13. h4 Na4 14. b3 Nc3+ 15. Nxc3 bxc3 16. Qc1 Be6 17. Bh6 Bxh6 18. Qxh6 Bxb3 19. cxb3 Qa3 20. Qc1 Rxb3+ 21. Ka1 Rb2 22. Bc4 c2 23. Rd3 Rb1+ 24. Qxb1 cxb1=Q+ 25. Kxb1 Rb8+ 26. Bb3 c5 27. dxc5 dxc5 28. Rc3 c4 29. Ne2 cxb3 30. Ka1 Qxa2# 0-1

[Event "3.Città di Padova Op.B, Elo<1900"]
[Site "Padova Ex Fornace Carotta"]
[Date "2000.12.09"]
[Round "4.9"]
[White "Guclu, Yaman"]
[Black "Pavon, Michele"]
[Result "1-0"]
[WhiteElo "1795"]
[BlackElo "1603"]
[Annotator "Gabriele Ballarin"]
[PlyCount "57"]
[EventDate "2000.12.02"]
[EventType "swiss"]
[EventRounds "6"]
[EventCountry "ITA"]

1. e4 c5 2. Nf3 d6 3. Bb5+ Bd7 4. Bxd7+ Qxd7 5. c4 Nc6 6. d4 cxd4 7. Nxd4 g6 8. Nc3 Bg7 9. Be3 Nf6 10. f3 O-O 11. O-O a6 12. Rc1 Rac8 13. Na4 Qd8 14. Qd2 Nd7 15. Rfd1 Nce5 16. b3 Nc5 17. Nb2 Qc7 18. b4 Ncd7 19. Nb3 Rfd8 20. Qf2 b6 21. Qe2 Qb7 22. a3 Rc7 23. f4 Nc6 24. Qf2 Rb8 25. Nd3 Nd8 26. Qf3 Rbc8 27. Nd2 Ne6 28. Qf2 Qxe4 29. Nxe4 1-0

[Event "3.Città di Padova Op.B, Elo<1900"]
[Site "Padova Ex Fornace Carotta"]
[Date "2000.12.09"]
[Round "4.10"]
[White "Zotti, Enrico"]
[Black "De Nard, Stefano"]
[Result "1-0"]
[WhiteElo "1734"]
[BlackElo "1518"]
[Annotator "Gabriele Ballarin"]
[PlyCount "67"]
[EventDate "2000.12.02"]
[EventType "swiss"]
[EventRounds "6"]
[EventCountry "ITA"]

1. e4 c5 2. Nf3 d6 3. d4 cxd4 4. Nxd4 Nf6 5. Nc3 g6 6. Be3 Bg7 7. f3 O-O 8. Qd2 Nc6 9. O-O-O Nxd4 10. Bxd4 Be6 11. Nd5 Bxd5 12. exd5 a5 13. a4 Qc7 14. Bb5 Rfc8 15. Rhe1 h5 16. Re2 Kh7 17. Kb1 Bf8 18. c4 Bh6 19. Be3 Bxe3 20. Qxe3 Ng8 21. g4 hxg4 22. fxg4 Qd8 23. h4 Qf8 24. h5 Rc7 25. Rh1 f5 26. hxg6+ Kxg6 27. Rf2 Nh6 28. gxf5+ Kh7 29. Qe6 Qf6 30. Rfh2 Qxe6 31. fxe6 Rg8 32. Rxh6+ Kg7 33. Rh7+ Kg6 34. Rf7 1-0

[Event "3.Città di Padova Op.B, Elo<1900"]
[Site "Padova Ex Fornace Carotta"]
[Date "2000.12.09"]
[Round "4.11"]
[White "Quaranta, Gaetano"]
[Black "Morganti, Lionello"]
[Result "0-1"]
[WhiteElo "1609"]
[BlackElo "1726"]
[Annotator "Gabriele Ballarin"]
[PlyCount "119"]
[EventDate "2000.12.02"]
[EventType "swiss"]
[EventRounds "6"]
[EventCountry "ITA"]

1. e4 d6 2. d4 Nf6 3. Nc3 g6 4. f4 Bg7 5. Nf3 O-O 6. e5 dxe5 7. fxe5 Nd5 8. Nxd5 Qxd5 9. c4 Qe4+ 10. Qe2 Qxe2+ 11. Bxe2 Nc6 12. Bf4 Bg4 13. O-O-O Rad8 14. Be3 e6 15. h3 Bxf3 16. Bxf3 Rb8 17. h4 h6 18. h5 g5 19. Bg4 Na5 20. b3 Rfd8 21. Rhe1 Nc6 22. Bf2 a5 23. a4 Nb4 24. Bf3 c6 25. Bg3 b5 26. cxb5 cxb5 27. d5 Nxd5 28. Bxd5 exd5 29. axb5 Rxb5 30. Kb2 a4 31. Rd3 Rdb8 32. Ree3 f5 33. exf6 Bxf6+ 34. Ka2 axb3+ 35. Rxb3 Ra8+ 36. Kb1 Rc5 37. Rb8+ Rxb8+ 38. Bxb8 Rb5+ 39. Kc2 Rxb8 40. Re6 Kf7 41. Rd6 Rb2+ 42. Kd3 Rxg2 43. Rxd5 Rh2 44. Rd7+ Be7 45. Ke4 Rxh5 46. Kf5 Rh1 47. Kg4 h5+ 48. Kg3 h4+ 49. Kg2 Ra1 50. Rd3 Ra2+ 51. Kh3 Ra3 52. Rxa3 Bxa3 53. Kg4 Kg6 54. Kh3 Kf5 55. Kg2 Ke4 56. Kh3 Kf3 57. Kh2 g4 58. Kh1 g3 59. Kg1 g2 60. Kh2 0-1

[Event "3.Città di Padova Op.B, Elo<1900"]
[Site "Padova Ex Fornace Carotta"]
[Date "2000.12.09"]
[Round "4.12"]
[White "Busi, Massimo"]
[Black "Lucisano, Pierbasilio"]
[Result "1-0"]
[WhiteElo "1672"]
[BlackElo "1485"]
[Annotator "Gabriele Ballarin"]
[PlyCount "99"]
[EventDate "2000.12.02"]
[EventType "swiss"]
[EventRounds "6"]
[EventCountry "ITA"]

1. e4 d6 2. d4 Nf6 3. Bd3 g6 4. Ne2 Bg7 5. O-O Nc6 6. c3 O-O 7. Nd2 e5 8. Nb3 Bd7 9. Bd2 Rb8 10. Qc1 a6 11. Bg5 h6 12. Bxh6 Bxh6 13. Qxh6 Ng4 14. Qd2 Qh4 15. h3 Nf6 16. Qe3 Kg7 17. Qg3 Qh6 18. f4 exf4 19. Nxf4 Rh8 20. Rf3 Rh7 21. Raf1 Rf8 22. Nd2 Kh8 23. Nc4 Nh5 24. Nxh5 gxh5 25. Qf4 Qxf4 26. Rxf4 Rg7 27. R1f3 b5 28. Ne3 Ne7 29. Rf6 Ng6 30. Nf5 Bxf5 31. R3xf5 h4 32. Rg5 Kg8 33. Kf2 Nh8 34. Rh5 Ng6 35. Be2 Re8 36. Bf3 Re6 37. Rff5 Kf8 38. Ke3 Ke7 39. Bg4 Rf6 40. b3 Rxf5 41. exf5 Nf8 42. Rxh4 Nd7 43. Rh8 Nb6 44. Bf3 Kf6 45. g4 Kg5 46. Rh5+ Kf6 47. Kf4 Rg8 48. g5+ Ke7 49. Rh7 Kf8 50. h4 1-0

[Event "3.Città di Padova Op.B, Elo<1900"]
[Site "Padova Ex Fornace Carotta"]
[Date "2000.12.09"]
[Round "4.13"]
[White "Solinas, Roberto"]
[Black "Negro, Raffaele"]
[Result "0-1"]
[WhiteElo "1606"]
[BlackElo "1651"]
[Annotator "Gabriele Ballarin"]
[PlyCount "92"]
[EventDate "2000.12.02"]
[EventType "swiss"]
[EventRounds "6"]
[EventCountry "ITA"]

1. d4 d6 2. Nf3 g6 3. e3 Nf6 4. Nbd2 Bg7 5. Bd3 O-O 6. O-O Nbd7 7. b3 e5 8. Bb2 Re8 9. dxe5 Nxe5 10. Nxe5 dxe5 11. Ne4 Rb8 12. c4 b6 13. Qc2 Bb7 14. Rfd1 Qe7 15. Rac1 Nd7 16. Bf1 f5 17. Nc3 c6 18. Rd2 Rbd8 19. Rcd1 e4 20. Ne2 Ne5 21. Rxd8 Rxd8 22. Nf4 Bc8 23. Rd2 Qg5 24. Kh1 Qe7 25. Qd1 Rxd2 26. Qxd2 Qd7 27. Qxd7 Bxd7 28. Kg1 Nf3+ 29. gxf3 Bxb2 30. fxe4 fxe4 31. Bg2 Bf5 32. Ne2 Be5 33. Ng3 Bxg3 34. hxg3 h5 35. Kf1 Kg7 36. Ke1 Kf6 37. Kd2 c5 38. a3 a5 39. Kc3 Ke5 40. b4 a4 41. b5 g5 42. Kd2 Bg4 43. Bf1 h4 44. gxh4 gxh4 45. Bg2 h3 46. Bf1 h2 0-1

[Event "3.Città di Padova Op.B, Elo<1900"]
[Site "Padova Ex Fornace Carotta"]
[Date "2000.12.09"]
[Round "4.14"]
[White "Troise, Salvatore"]
[Black "Di Giacomo, Antonio"]
[Result "0-1"]
[WhiteElo "1648"]
[BlackElo "1633"]
[Annotator "Gabriele Ballarin"]
[PlyCount "59"]
[EventDate "2000.12.02"]
[EventType "swiss"]
[EventRounds "6"]
[EventCountry "ITA"]

{[%evp 0,59,29,29,29,28,56,56,63,59,82,42,66,46,60,33,83,25,30,23,23,14,14,1,0,-16,-16,-10,-6,-67,-31,-49,-37,-38,-34,-33,-32,-54,-46,-148,-110,-105,-97,-115,-107,-106,-83,-150,-90,-144,-81,-77,-33,-72,-20,-85,-10,-92,-16,-102,-62,-71]} 1. e4 e5 2. Nf3 d6 3. d4 Nd7 4. Bc4 c6 5. dxe5 Nxe5 6. Nxe5 Qa5+ 7. Nc3 dxe5 8. O-O Nf6 9. Bg5 Be7 10. Bxf6 Bxf6 11. Qh5 O-O 12. Rad1 Qb4 13. Bb3 Qe7 14. f4 Be6 15. fxe5 Qc5+ 16. Kh1 Qxe5 17. Qxe5 Bxe5 18. Rd3 Rad8 19. Nd1 Bxb3 20. Rxb3 b6 21. Rbf3 f6 22. c3 Bb8 23. Re3 Rf7 24. g3 Re7 25. Rfe1 Bd6 26. Kg2 Kf7 27. Kf3 h5 28. h3 g5 29. b4 b5 30. Nf2 {Nur} 0-1

[Event "3.Città di Padova Op.B, Elo<1900"]
[Site "Padova Ex Fornace Carotta"]
[Date "2000.12.09"]
[Round "4.15"]
[White "Gobbato, Paolo"]
[Black "Busà, Michele"]
[Result "1-0"]
[WhiteElo "1600"]
[BlackElo "1600"]
[Annotator "Gabriele Ballarin"]
[PlyCount "155"]
[EventDate "2000.12.02"]
[EventType "swiss"]
[EventRounds "6"]
[EventCountry "ITA"]

1. d4 g6 2. c4 Bg7 3. Nc3 d6 4. e4 Nf6 5. Bd3 c6 6. Nf3 O-O 7. O-O Nbd7 8. Na4 b5 9. cxb5 cxb5 10. Bxb5 Nxe4 11. Bc6 Ba6 12. Bxe4 Bxf1 13. Bxa8 Bxg2 14. Bc6 Bh3 15. Ng5 Bf5 16. Be3 Nf6 17. Bg2 Ng4 18. Bf4 e5 19. dxe5 dxe5 20. Qxd8 Rxd8 21. Bg3 h6 22. Ne4 Bxe4 23. Bxe4 f5 24. h3 f4 25. hxg4 fxg3 26. f3 h5 27. Bxg6 hxg4 28. Kg2 Rf8 29. Bh5 Rxf3 30. Bxg4 Re3 31. Nc3 e4 32. Be6+ Kf8 33. Bd5 Bxc3 34. bxc3 Rxc3 35. Bxe4 Ke7 36. Bf3 Kd6 37. Kxg3 Kc5 38. Kf4 Kb4 39. Bd1 Ka3 40. Bb3 a5 41. Rd1 a4 42. Bg8 Kb2 43. Ke4 Rc8 44. Bd5 Rc3 45. Rd4 a3 46. Rd3 Rc1 47. Kd4 Rc7 48. Rb3+ Kc1 49. Rc3+ Rxc3 50. Kxc3 Kd1 51. Kb3 Kd2 52. Kxa3 Kc3 53. Ka4 Kd4 54. Bf7 Kc5 55. Kb3 Kb5 56. a4+ Ka5 57. Ka3 Kb6 58. Kb4 Ka6 59. a5 Kb7 60. Kb5 Ka7 61. a6 Kb8 62. Kb6 Ka8 63. Bd5+ Kb8 64. a7+ Kc8 65. Ka6 Kc7 66. a8=Q Kd7 67. Qc6+ Kd8 68. Bh1 Ke7 69. Kb5 Kd8 70. Qb7 Ke8 71. Qc7 Kf8 72. Qd7 Kg8 73. Qe7 Kh8 74. Kc6 Kg8 75. Kd6 Kh8 76. Ke6 Kg8 77. Kf6 Kh8 78. Qg7# 1-0

[Event "3.Città di Padova Op.B, Elo<1900"]
[Site "Padova Ex Fornace Carotta"]
[Date "2000.12.09"]
[Round "4.16"]
[White "Carini, Massimo"]
[Black "Broccardo, Nicola"]
[Result "1-0"]
[WhiteElo "1881"]
[BlackElo "1537"]
[Annotator "Gabriele Ballarin"]
[PlyCount "85"]
[EventDate "2000.12.02"]
[EventType "swiss"]
[EventRounds "6"]
[EventCountry "ITA"]

1. e4 d6 2. d4 Nf6 3. Nc3 g6 4. Be3 Bg7 5. h3 a6 6. f4 b5 7. e5 dxe5 8. dxe5 Qxd1+ 9. Rxd1 Nh5 10. Nd5 O-O 11. Nxc7 Ra7 12. Bxa7 Nc6 13. Be3 Ng3 14. Rh2 Bf5 15. Bd3 Bxd3 16. cxd3 a5 17. Bf2 Nf5 18. Nxb5 Rb8 19. a4 e6 20. Ne2 Bf8 21. Nec3 Bb4 22. g4 Nfe7 23. Kf1 Bxc3 24. Nxc3 Rxb2 25. Bg1 Rb3 26. Ne4 Nd5 27. Nf6+ Nxf6 28. exf6 Ra3 29. Rc2 Rxa4 30. Rxc6 Rxf4+ 31. Ke2 h6 32. Rf1 Rb4 33. Rc8+ Kh7 34. Rf8 Rb7 35. Ra1 g5 36. Rxa5 Rb2+ 37. Kf3 Kg6 38. Rg8+ Kxf6 39. Bd4+ e5 40. Bxb2 h5 41. Rxe5 hxg4+ 42. Ke4 gxh3 43. Ree8# 1-0

[Event "3.Città di Padova Op.B, Elo<1900"]
[Site "Padova Ex Fornace Carotta"]
[Date "2000.12.02"]
[Round "4.18"]
[White "Forapan, Fabio"]
[Black "Zanirato, Stefano"]
[Result "1/2-1/2"]
[WhiteElo "1606"]
[BlackElo "1683"]
[Annotator "Gabriele Ballarin"]
[PlyCount "138"]
[EventDate "2000.12.02"]
[EventType "swiss"]
[EventRounds "6"]
[EventCountry "ITA"]

1. e4 Nc6 2. Nf3 e6 3. d4 d5 4. e5 a6 5. a4 Be7 6. Be2 g5 7. h3 h5 8. c3 Nh6 9. Nh2 h4 10. Ng4 Nxg4 11. Bxg4 Na5 12. Nd2 c5 13. O-O cxd4 14. cxd4 Qb6 15. Nf3 Nb3 16. Ra2 Nxc1 17. Qxc1 Bd7 18. Rd1 Qb3 19. Qa1 Rc8 20. Ne1 Rc4 21. Rd3 Qb6 22. b3 Rc8 23. Nf3 Qc7 24. Rad2 Qc1+ 25. Qxc1 Rxc1+ 26. Rd1 Rxd1+ 27. Rxd1 O-O 28. Rc1 Rc8 29. Rxc8+ Bxc8 30. Kf1 a5 31. Ke2 Bd7 32. Ke3 b5 33. axb5 Bxb5 34. Nd2 Ba3 35. Be2 Bxe2 36. Kxe2 Kg7 37. Nf3 Kg6 38. Nh2 f5 39. exf6 Kxf6 40. Ng4+ Kf5 41. Kd3 Bd6 42. Nh6+ Kg6 43. Ng4 Bf4 44. Ke2 Kf7 45. Kd3 Ke7 46. f3 Kf7 47. Nf2 Kg6 48. Nd1 Kf5 49. Nc3 Bd6 50. Nb5 Bb8 51. Nc3 Kf6 52. Ne2 Ke7 53. Nc3 Kd7 54. Ke3 Kc6 55. Kd3 Bd6 56. Kc2 Bb4 57. Ne2 Bd6 58. Nc3 e5 59. dxe5 Bxe5 60. Ne2 Kc5 61. Nc1 Bf6 62. Ne2 Be5 63. Nc1 Bf6 64. Nd3+ Kd6 65. Kd2 d4 66. Kc2 Be5 67. Kb2 Bf4 68. Ka3 Kc6 69. b4 Bd6 1/2-1/2

[Event "3.Città di Padova Op.B, Elo<1900"]
[Site "Padova Ex Fornace Carotta"]
[Date "2000.12.09"]
[Round "4.19"]
[White "Carlassara, Renato"]
[Black "Bonafede, Alessandro"]
[Result "1-0"]
[WhiteElo "1636"]
[BlackElo "1500"]
[Annotator "Gabriele Ballarin"]
[PlyCount "75"]
[EventDate "2000.12.02"]
[EventType "swiss"]
[EventRounds "6"]
[EventCountry "ITA"]

1. e4 e5 2. Nf3 Nc6 3. d4 exd4 4. Nxd4 Bc5 5. Be3 Nxd4 6. Bxd4 Bxd4 7. Qxd4 Qf6 8. e5 Qb6 9. Qxb6 axb6 10. Nc3 Ne7 11. Nb5 Kd8 12. Bd3 Ng6 13. Bxg6 hxg6 14. O-O Rf8 15. a3 Ra5 16. c4 f6 17. Rfe1 fxe5 18. Rxe5 d6 19. Re3 Bd7 20. Nd4 Re8 21. Rae1 Rxe3 22. Rxe3 Rg5 23. f4 Rc5 24. b3 d5 25. Ne6+ Bxe6 26. Rxe6 dxc4 27. bxc4 Rxc4 28. g3 Rc6 29. Rxc6 bxc6 30. Kf2 Ke7 31. Ke3 Kd6 32. Kd4 c5+ 33. Ke4 c6 34. a4 Ke6 35. g4 Kf6 36. h4 Ke6 37. g5 Kd6 38. f5 1-0